000 00473nam a2200169Ia 4500
008 240729s9999 xx 000 0 und d
022 _a1095-953X
245 0 _aNeurobiology of Disease
260 _aUnited States
260 _bElsevier
650 _a Internal medicine
650 _a Neurosciences. Biological psychiatry. Neuropsychiatry
650 _aMedicine
856 _uhttps://doaj.org/toc/26ec33d2f1c5415b86c07fbc985c4ab1
942 _2ddc
942 _cDOAJEJ
999 _c71955
_d71955
945 _a1
_bMadushi Gamage
_c1
_dMadushi Gamage